• 首页
  • 本馆介绍
  • 公告通知
  • 最新文献
  • 馆藏检索
  • 电子资源
  • 读者导购
  • 参考咨询
  • 我的图书馆
  • 登录
  • 详细信息显示
  • 放入我的书架
  • 预约/预借图书
  • 作者相关作品
  • 分类相关作品
  • 丛书相关作品
  • 出版社相关作品

书目信息

  • 表格格式
  • 工作单格式
  • 卡片格式
题名:
五二○运动资料
    
 
作者: ;中国第二历史档案馆 , 中共南京市委党史办公室 编
分册: 第一辑  
出版信息: 北京   人民出版社  1985
页数: 486页
开本: 19cm
丛书名: 现代革命史资料丛刊
单 册:
中图分类: K266.53
科图分类:
主题词: 五·二○血案--史料
电子资源:
ISBN:
000 00889nam2 2200277 45
001 0185015608
005 20040518085634.2
010    @dCNY1.95
091    @a11001。652
100    @a19951103d1985 em y0chiy0121 ea
101 0  @achi
102    @aCN@b110000
105    @af z 000yy
106    @ar
200 10 @a五二○运动资料@h第一辑@AWu Er○Yun Dong Zi Liao@f中国第二历史档案馆,中共南京市委党史办公室编
210    @a北京@c人民出版社@d1985
215    @a486页@c照片@d19cm
225 2  @a现代革命史资料丛刊
410  0 @120010@a现代革命史资料丛刊
606    @a五·二○血案@x史料
690    @aK266.53@v3
711 02 @a中国第二历史档案馆@4编@Azhong guo di er li shi dang an guan
711 02 @a中共南京市委党史办公室@4编@Azhong gong nan jing shi wei dang shi ban gong shi
801  0 @aCN@b深圳图书馆@c20040105
801  2 @aCN@bNLC@c20040105
905    @dK266.53@e18:1@f3@b140444-446
    
    五二○运动资料.第一辑/中国第二历史档案馆,中共南京市委党史办公室编.-北京:人民出版社,1985
    486页:照片;19cm.-(现代革命史资料丛刊)
    
    
    ISBN :CNY1.95
    
●
相关链接 在E读中查询图书 在五车中查询图书 在当当中查询图书 在豆瓣中查询图书


正题名:五二○运动资料     索取号:K266.53/18:1         预约/预借

序号 登录号 条形码 馆藏地/架位号 状态 备注
1 0140443   001863567   密集书库/ [索取号:K266.53/18:1] 在馆    
2 0140444   000354280   第二样本阅览室/ [索取号:K266.53/18:1] 在馆    
3 0140445   000354271   密集书库/ [索取号:K266.53/18:1] 在馆    
4 0140446   000354217   第二借阅区/ [索取号:K266.53/18:1] 在馆    
5 0140447   001863512   密集书库/ [索取号:K266.53/18:1] 在馆    
唐山师范学院图书馆 欢迎您!
大连网信软件有限公司© 版权所有